000 00586nam a2200193Ia 4500
001 15364
003 GE_BSU
008 181216s||||||||xx |||||||||||||| ||und||
040 _cGE_BSU
100 _aყიფიანი, ედიშერ
245 _aორტომეული (1924-1973)ტ. 1
245 _bმოთხრობები
260 _aთბილისი
260 _bსაბჭოთა საქართველო
260 _c1974
300 _a589გვ.1ფ.პორტრ.22სმ.
653 _aმოთხრობები
942 _cBK
999 _c48470
_d48470